000 00614nam a22001337a 4500
040 _cRUA
082 _aATM HIN 2009 B196 Or.1
100 _aHIN, LYHOUR.
245 _aEffeeciency of water pump ase in saang district kandal province, ប្រសិទ្ធភាពនៃការប្រើប្រាស់ម៉ាស៊ីនបូមទឹកក្នុងស្រុកស្អាង ខេត្តកណ្ដាល
260 _aPhnom Penh
_bRUA
_c2009
300 _axi; 45p.
_bill.
_c29cm.
856 _uhttps://drive.google.com/file/d/1awpNQM-5gtz0I2BtsR21FqeaPYfMd1dC/view?usp=sharing
942 _cATM
999 _c4242
_d4242